000 00656nam a2200181 i 4500
001 74767
003 ES-MaACL
005 20230906172235.0
007 t|
008 040921s1940 sp ||||1| spa d
100 1 _aGrabmann, Martin.
_959448
245 1 0 _aHistoria de la Teología católica desde fines de la era patrística hasta nuestros días /
_cMartin Grabmann ; basada en el compendio de M. J. Scheeben ; versión española por P. David Gutierrez.
260 _aMadrid :
_bEspasa-Calpe,
_c1940.
300 _a464 p. ;
_c23 cm.
700 1 _aScheeben, Matthias Josef.
_9104256
700 1 _aGutierrez, P. David.
_961071
852 _aES-MaACL
_jA-4957
999 _c74767
_d74767